<?xml version="1.0" encoding="UTF-8"?>
<record
    xmlns:xsi="http://www.w3.org/2001/XMLSchema-instance"
    xsi:schemaLocation="http://www.loc.gov/MARC21/slim http://www.loc.gov/standards/marcxml/schema/MARC21slim.xsd"
    xmlns="http://www.loc.gov/MARC21/slim">

  <leader>02904cam a2200349 a 4500</leader>
  <controlfield tag="003">EG-GiCUC</controlfield>
  <controlfield tag="005">20250223032537.0</controlfield>
  <controlfield tag="008">200804s2020    ua dh  f m    000 0 eng d</controlfield>
  <datafield tag="040" ind1=" " ind2=" ">
    <subfield code="a">EG-GiCUC</subfield>
    <subfield code="b">eng</subfield>
    <subfield code="c">EG-GiCUC</subfield>
  </datafield>
  <datafield tag="041" ind1="0" ind2=" ">
    <subfield code="a">eng</subfield>
  </datafield>
  <datafield tag="049" ind1=" " ind2=" ">
    <subfield code="a">Deposite </subfield>
  </datafield>
  <datafield tag="097" ind1=" " ind2=" ">
    <subfield code="a">M.Sc </subfield>
  </datafield>
  <datafield tag="099" ind1=" " ind2=" ">
    <subfield code="a">Cai01.20.03.M.Sc.2020.No.V</subfield>
  </datafield>
  <datafield tag="100" ind1="0" ind2=" ">
    <subfield code="a">Nora Abdelhameed Mohamed</subfield>
  </datafield>
  <datafield tag="245" ind1="1" ind2="0">
    <subfield code="a">Visualization and modeling of the virological structure / </subfield>
    <subfield code="c">Nora Abdelhameed Mohamed ; Supervised Amr A. Badr , Ahmed Farouk Alsadek , Mohamed Nassef</subfield>
  </datafield>
  <datafield tag="246" ind1="1" ind2="5">
    <subfield code="a">&#x62A;&#x635;&#x648;&#x631; &#x648;&#x648;&#x636;&#x639; &#x646;&#x645;&#x627;&#x630;&#x62C; &#x644;&#x644;&#x647;&#x64A;&#x643;&#x644; &#x627;&#x644;&#x641;&#x64A;&#x631;&#x648;&#x633;&#x649;</subfield>
  </datafield>
  <datafield tag="260" ind1=" " ind2=" ">
    <subfield code="a">Cairo : </subfield>
    <subfield code="b">Nora Abdelhameed Mohamed , </subfield>
    <subfield code="c">2020</subfield>
  </datafield>
  <datafield tag="300" ind1=" " ind2=" ">
    <subfield code="a">66 Leaves : </subfield>
    <subfield code="b">charts , facsimiles ; </subfield>
    <subfield code="c">30cm </subfield>
  </datafield>
  <datafield tag="502" ind1=" " ind2=" ">
    <subfield code="a">Thesis (M.Sc.) - Cairo University - Faculty of Computers and Artificial Intelligence - Department of Computer Science</subfield>
  </datafield>
  <datafield tag="520" ind1=" " ind2=" ">
    <subfield code="a">Assembly of capsid virus is a crucial step in virus life cycle. Without this step, virus would not replicate itself to hijack other cells and its life cycle would end. Many researchers studied virus structural shape and its dynamics to understand the behavior of virus. A small virus capsid contains identical asymmetric units that are packed in regular manner. Every icosahedral virus has two types of symmetry, regular symmetry and noncrystallographic symmetry. One asymmetric unit and some rotation matrices are needed to form the whole capsid. These rotation matrices define the location of adjacent asymmetric unit.This thesis focuses on the structural shape of Icosahedral viruses and prediction of symmetries in their capsids.Two approaches are carried out to study the construction of a crystal asymmetric unit. The first approach predicts the full rotation matrix (4x4 matrix). The second approach predicts the rotation angles and translation vector. In each approach, we are applying convolution neural network (CNN) and fully connected neural network (FNN). Spatial geometry and biological characteristics were collected for each icosahedral capsid virus from the Protein Data Bank (PDB). Using visualization technique, the results were promising; as in the approach that predicts angles, FNN model accuracy reached 89% and reached 84% in CNN model in the same approach. While the second approach had a lower accuracy percentage; as it reached 67% in FNN model and 45% in CNN model. FNN models in general gave better performance in accuracy and 0.25% less in time and 0.90% less memory consumption than CNN models</subfield>
  </datafield>
  <datafield tag="530" ind1=" " ind2=" ">
    <subfield code="a">Issued also as CD</subfield>
  </datafield>
  <datafield tag="653" ind1=" " ind2="4">
    <subfield code="a">Asymmetric Unit </subfield>
  </datafield>
  <datafield tag="653" ind1=" " ind2="4">
    <subfield code="a">Noncrystallgraphic Symmetry </subfield>
  </datafield>
  <datafield tag="653" ind1=" " ind2="4">
    <subfield code="a">Viral Capsids </subfield>
  </datafield>
  <datafield tag="700" ind1="0" ind2=" ">
    <subfield code="a">Ahmed Farouk Alsadek , </subfield>
    <subfield code="e">Supervisor</subfield>
  </datafield>
  <datafield tag="700" ind1="0" ind2=" ">
    <subfield code="a">Amr A. Badr , </subfield>
    <subfield code="e">Supervisor</subfield>
  </datafield>
  <datafield tag="700" ind1="0" ind2=" ">
    <subfield code="a">Mohamed Nassef , </subfield>
    <subfield code="e">Supervisor</subfield>
  </datafield>
  <datafield tag="856" ind1=" " ind2=" ">
    <subfield code="u">http://172.23.153.220/th.pdf</subfield>
  </datafield>
  <datafield tag="905" ind1=" " ind2=" ">
    <subfield code="a">Nazla</subfield>
    <subfield code="e">Revisor</subfield>
  </datafield>
  <datafield tag="905" ind1=" " ind2=" ">
    <subfield code="a">Shimaa</subfield>
    <subfield code="e">Cataloger</subfield>
  </datafield>
  <datafield tag="942" ind1=" " ind2=" ">
    <subfield code="2">ddc</subfield>
    <subfield code="c">TH</subfield>
  </datafield>
  <datafield tag="999" ind1=" " ind2=" ">
    <subfield code="c">77070</subfield>
    <subfield code="d">77070</subfield>
  </datafield>
  <datafield tag="952" ind1=" " ind2=" ">
    <subfield code="2">ddc</subfield>
    <subfield code="7">0</subfield>
    <subfield code="a">CUCL</subfield>
    <subfield code="b">cl210</subfield>
    <subfield code="d">2024-02-11</subfield>
    <subfield code="o">Cai01.20.03.M.Sc.2020.No.V</subfield>
    <subfield code="p">01010110081119000</subfield>
    <subfield code="r">2023-09-22 00:00:00</subfield>
    <subfield code="y">TH</subfield>
  </datafield>
  <datafield tag="952" ind1=" " ind2=" ">
    <subfield code="2">ddc</subfield>
    <subfield code="7">0</subfield>
    <subfield code="a">CUCL</subfield>
    <subfield code="b">cl2u8</subfield>
    <subfield code="d">2024-02-11</subfield>
    <subfield code="o">Cai01.20.03.M.Sc.2020.No.V</subfield>
    <subfield code="p">01020110081119000</subfield>
    <subfield code="r">2023-09-22 00:00:00</subfield>
    <subfield code="t">81119.CD     </subfield>
    <subfield code="y">CD</subfield>
  </datafield>
</record>
